000 00932nam0a22002651 4500
001 rc\4845720
005 20250612194310.0
021 _aRU
_b[59-7308]
035 _a(NLR Aleph) 008812461
090 _a8170447
_c8170447
100 _a20130426d1959 |||y0rusy50 ca
101 0 _arus
102 _aRU
105 _aa z |||a|
200 1 _aДедушкин секрет
_e[Стихи
_eДля дошкольного возраста
_fИл.: Б. Березовский]
210 _aМосква
_cДетгиз
_d1959
215 _a16 с.
_cил.
_d28
700 1 _aТобольский
_bИ. Г.
_f1921-
_gИсай Григорьевич
702 1 _4440
_7ca
_8rus
_aБерезовский
_bБ. Ф.
_cхудожник
_f1910-1977
_gБорис Феоктистович
_9268989
_3RU\NLR\AUTH\770269045
801 0 _aRU
_bNLR
_gpsbo
801 1 _aRU
_bELAR
_2rusmarc
852 _aNLR
_j59-8/355
942 _cBOOK
980 _aNB